Ciudades Más Grandes en Andaman y Nicobar - Estadísticas

Estadísticas generales
  • Esta prueba ha sido intentada 2 veces
  • La puntuación promedio es 2 de 5
Estadísticas de respuestas
Población Ciudad % Correcto
108.058 Port Blair
100%
7.962 Bambooflat
50%
2.741 Bakultala
0%
14.419 Garacharma
0%
10.308 Prothrapur
0%
No se encontraron pruebas coincidentes
Distribución de puntuación
Porcentaje de gente con cada puntuación
Porcentaje por número respondido
Historial de tus puntuaciones
No has intentado esta prueba.